Κατάλογος Βιβλιοθηκών Mediterranean College

Διοίκηση Υπηρεσιών Υγείας / Το Νοσοκομείο στα Πλαίσια Ενός Συστήματος Οργανωμένης Παροχής Φροντίδας. (Record no. 3764)

MARC details
000 -LEADER
fixed length control field 01893cam a22002054a 4500
005 - ΗΜΕΡΟΜΗΝΙΑ ΚΑΙ ΩΡΑ ΤΕΛΕΥΤΑΙΑΣ ΕΝΗΜΕΡΩΣΗΣ
Πεδίο ελέγχου 20250605164124.0
008 - FIXED-LENGTH DATA ELEMENTS--GENERAL INFORMATION
Πεδίο ελέγχου σταθερού μήκους 250528s ||||||||||||||||||||||||d
035 ## - SYSTEM CONTROL NUMBER
System control number 18403
020 ## - ISBN
ISBN 9608673453
040 ## - ΠΗΓΗ ΚΑΤΑΛΟΓΟΓΡΑΦΗΣΗΣ
Φορέας πρωτότυπης καταλογογράφησης MC Athens Campus Library
Γλώσσα καταλογογράφησης Ελληνικά, Μοντέρνα (1453-)
Modifying agency MC Athens Campus Library
Κανόνες περιγραφικής καταλογογράφησης AACR2
245 1# - ΤΙΤΛΟΣ ΚΑΙ ΔΗΛΩΣΗ ΥΠΕΥΘΥΝΟΤΗΤΑΣ
Τίτλος Διοίκηση Υπηρεσιών Υγείας / Το Νοσοκομείο στα Πλαίσια Ενός Συστήματος Οργανωμένης Παροχής Φροντίδας.
Number of part/section of a work Τόμος B'
260 ## - PUBLICATION, DISTRIBUTION, ETC.
Date of publication, distribution, etc. 2001
300 ## - PHYSICAL DESCRIPTION
Extent 428
520 ## - SUMMARY, ETC.
Summary, etc. Ένα από τα κορυφαία κείμενα των Υγειονομικών Επιστημών στις ΗΠΑ - Διδακτικό εγχειρίδιο σε πλείστα πανεπιστημιακά προγράμματα Διοίκησης Υπηρεσιών Υγείας. Ιστορία των Νοσοκομείων, Οργάνωση και Διοίκηση Νοσοκομείων, Υπηρεσίες Διακίνησης του Ασθενούς: Διαδικασία Εισαγωγής και Παραμονής και Εξόδου από το Νοσοκομείο, Περιπατητική Περίθαλψη, Οργάνωση και Άσκηση της Ιατρικής Πρακτικής στα Πλαίσια των Ιατρείων, Αποζημίωση Νοσοκομειακής Νοσηλείας, Αποζημίωση Εξωνοσοκομειακής Φροντίδας σε Νοσοκομειακό Περιβάλλον, Κατευθυνόμενη Φροντίδα, Διασφάλιση και Βελτίωση της Ποιότητας, Διοίκηση Νοσηλευτικών Υπηρεσιών, Τα Εργαστήρια, Διοίκηση Αποθεμάτων, Διαχείριση των Φαρμάκων.
700 1# - ΠΡΟΣΘΕΤΗ ΑΝΑΓΡΑΦΗ--ΦΥΣΙΚΟ ΠΡΟΣΩΠΟ
Personal name Mediforce Services
9 (RLIN) 4674
700 1# - ΠΡΟΣΘΕΤΗ ΑΝΑΓΡΑΦΗ--ΦΥΣΙΚΟ ΠΡΟΣΩΠΟ
Personal name Wolper Lawrence F
9 (RLIN) 4675
942 ## - ADDED ENTRY ELEMENTS (KOHA)
Koha item type Books
Holdings
Τύπος τεκμηρίου Βιβλιοθήκη Τρέχουσα τοποθεσία Barcode Αριθμός εισαγωγής Ημερομηνία απόκτησης Ταξιθετικό σύμβολο Αριθμός αντιτύπου Κατάσταση απόσυρσης Κατάσταση χαμένου Κατάσταση κατεστραμμένου Μη δανεισμός Σύνολο δανεισμών Ημερομηνία τελευταίας εμφάνισης Η τιμή ισχύει από
Books MC Athens Campus Library MC Athens Campus Library 9780000037633 3076 05/06/2025 362.1 WOL V.B 1           05/06/2025 05/06/2025

MC Athens Campus Library
Πατησίων 94 & Κοδριγκτώνος 13, 104 34
Πελλήνης 8 & Πατησίων 107, 112 51
Τ: +30 210 8899600

MC Thessaloniki Campus Library
Ίωνος Δραγούμη 21, 54625 | Ίωνος Δραγούμη 15, 54625
Τ: +30 2310 287779 – Τ: +30 2314 440300